000 00585nam a22001817a 4500
003 AUA.1
005 20201001115145.0
008 161116b xxu||||| |||| 00| 0 eng d
040 _cJTL
050 _aBX6122.L38
245 _aRevelation 17 :
_bthe mystery of Babylon /
_cMinistry Media.
_hVideorecording
260 _aDerby :
_bThe Advent Truth,
300 _a2 videodiscs :
_bSound, color ;
_c4 3/4 in.
511 _aPresented by Manjit Biant
650 _aLatter rain (Doctrines)
_xSeventh-day Adventists
650 _aLoud cry (Doctrines)
_xSeventh-day Adventists
942 _2aua
_cAV
999 _c17179
_d17179